Đi tìm thượng đế : Tiểu thuyết

保存先:
書誌詳細
第一著者: Trường Thanh
フォーマット: 図書
言語:Undetermined
出版事項: Hà Nội Thanh niên 2008
主題:
タグ: タグ追加
タグなし, このレコードへの初めてのタグを付けませんか!
Thư viện lưu trữ: Trung tâm Học liệu Trường Đại học Cần Thơ
LEADER 00546nam a2200205Ia 4500
001 CTU_139847
008 210402s9999 xx 000 0 und d
020 |c 50000 
082 |a 895.92234 
082 |b Tr561 
100 |a Trường Thanh 
245 0 |a Đi tìm thượng đế : 
245 0 |b Tiểu thuyết 
245 0 |c Trường Thanh 
260 |a Hà Nội 
260 |b Thanh niên 
260 |c 2008 
650 |a Vietnamese fiction 
904 |i Giang 
980 |a Trung tâm Học liệu Trường Đại học Cần Thơ